| 000 | 00804nam a2200241Ia 4500 | ||
|---|---|---|---|
| 003 | GCL | ||
| 008 | 140319s9999 xx 000 0 ara d | ||
| 040 |
_aGCL / _cGCL |
||
| 082 | 0 | 4 |
_a935 _bب ع |
| 100 | 1 | _aبراستد، جايمس هنرى | |
| 245 | 1 | 0 |
_aالعصور القديمة / _cبراستد، جايمس هنرى |
| 700 | 1 | _aدادو قربان | |
| 260 |
_a[S.N] : _bمؤسسة عز الدين للطباعة والنشر ، _c1983 |
||
| 300 |
_a688 ص ؛ _c24سم |
||
| 650 | 0 | 4 | _aالفرس |
| 650 | 0 | 4 | _aالبابليون |
| 650 | 0 | 4 | _aالعصر الحجرى |
| 650 | 0 | 4 | _aاليهود |
| 650 | 0 | 4 | _aالامبراطورية الرومانية |
| 650 | 0 | 4 | _aالعراق القديم - تاريخ |
| 650 | 0 | 4 | _aاليونان القديمة - تاريخ |
| 942 |
_2ddc _cBK |
||
| 999 |
_c37441 _d37441 |
||